Cinco sentidos = The Five Senses /
محفوظ في:
| المؤلف الرئيسي: | |
|---|---|
| مؤلفون آخرون: | , , , , , , , |
| التنسيق: | |
| اللغة: | الإنجليزية |
| منشور في: |
Canadá :
Five Senses Productions,
1999, c1999
|
| الموضوعات: | |
| الوسوم: |
لا توجد وسوم, كن أول من يضع وسما على هذه التسجيلة!
|
MARC
| LEADER | 00000ngm^a2200000^a^4500 | ||
|---|---|---|---|
| 001 | 000186966 | ||
| 005 | 20250521000000.0 | ||
| 009 | 20260310102244.033 | ||
| 037 | |a Acervo ITESO - Biblioteca | ||
| 041 | |a ING | ||
| 082 | |a 819. 1 |b POD | ||
| 100 | |a Podeswa, Jeremy |e (realización) | ||
| 245 | 1 | 0 | |a Cinco sentidos = |b The Five Senses / |c Realización de J. Podeswa. |
| 264 | 4 | |a Canadá : |b Five Senses Productions, |c 1999, c1999 | |
| 264 | 2 | |a México : |b Nuvisión [distribución], |c copyright fecha no identificada | |
| 300 | |a 1 DVD región 4 |c (105, 9 min.) | ||
| 336 | |a imagen móvil bidimensional |b tdi |2 rdacontenido | ||
| 337 | |a video |b v |2 rdamedio | ||
| 338 | |a videodisco |b vd |2 rdasoporte | ||
| 546 | |a En francés, inglés e italiano, con subtítulos opcionales: español | ||
| 586 | |a Premio Genie, de la Academia Canadiense de Cine y Televisión (20°: 1999): Mejor Película (finalista) | ||
| 586 | |a Premio Genie, de la Academia Canadiense de Cine y Televisión (20°: 1999): Mejor Dirección (ganador: Jeremy Podeswa) | ||
| 649 | |a XX | ||
| 650 | |a Dramas Cinematográficos | ||
| 650 | |a Making Of (Documentales detrás de Cámaras) | ||
| 650 | |a Cine en Inglés - |z Canadá | ||
| 650 | |a Cine Canadiense - |y 1990-1999 | ||
| 650 | |a Cine Canadiense - |y Siglo XX | ||
| 650 | |a Sentidos y Sensaciones - |x Tema Principal | ||
| 650 | |a Relaciones de Pareja | ||
| 650 | |a Sexualidad | ||
| 650 | |a Comunicación Personal | ||
| 740 | 4 | |a The Five Senses Featurette / | |
| 700 | |a Podeswa, Jeremy |e (guión) | ||
| 700 | |a Middleton, Gregory |e (fotógrafo) | ||
| 700 | |a Carolsfeld, Wiebke von |e (montaje) | ||
| 700 | |a Louie, Alexina |e (música) | ||
| 700 | |a Pauk, Alex |e (música) | ||
| 700 | |a Parker, Mary-Louise |e (actuación) | ||
| 700 | |a Bussières, Pascale |e (actuación) | ||
| 700 | |a Clarkin, Richard |e (actuación) | ||
| 910 | |a Fondo General | ||
| 920 | |a Audiovisuales - DVDs | ||
| 940 | |a Películas | ||
| 905 | |a 302 | ||
| 901 | |a 0500094065 |b IT2 |c DVS |u 20250521 | ||
| 902 | |a https://opac.biblio.iteso.mx/vufind/Record/000186966 | ||